000 00803nam a22002777a 4500
001 0000896
003 KOHA_MİRAKIL
005 20260207001223.0
007 ta
008 081212b2006 tu |||grd|||#0|||1|tur |
020 _a9754712646
_cYTL99,155
040 _aTR-BiSEU
_btur
_cTR-BiSEU
_erda
041 0 _atur
044 _ctu
050 _aPL191
_b.I54 2006
245 0 _aİngilizce büyük sözlük/
_chazırlayan Ali Bayram...[ve öte].
264 1 _aİstanbul :
_bFono Yayınları
_c2006
300 _a1830 sayfa; 21 cm.
336 _ametin
_btxt
_2rdacontent
337 _aaracısız
_bn
_2rdamedia
338 _acilt
_bnc
_2rdacarrier
650 0 _aİngiliz dili--Sözlükler--Türkçe.
_93194
650 0 _aTürk dili--Sözlükler--İngilizce.
_91708
907 _aSözlük
942 _2lcc
_cBK
999 _c891
_d891